La Virginia Woolf desconocida / Roger Poole ; María Dolores López Martínez, Traductor (Registro nro. 40636)
[ vista simple ]
| 000 -LÍDER | |
|---|---|
| Campo fijo de descripción fija | 004320000a22001570004500 |
| 020 ## - NÚMERO INTERNACIONAL NORMALIZADO PARA LIBROS | |
| Número Internacional Normalizado del libro | 84-206-3091-8 |
| 041 0# - CÓDIGO DE IDIOMA | |
| Código de idioma para texto/pista de sonido o título separado | |
| 082 04 - NÚMERO DE CLASIFICACIÓN DECIMAL DEWEY | |
| Número de clasificación | G 920 P8221v |
| 001 - NÚMERO DE CONTROL | |
| Campo de control | 11291 |
| 100 1# - ASIENTO PRINCIPAL--NOMBRE PERSONAL | |
| Nombre personal | Poole, Roger |
| 245 10 - TÍTULO | |
| Título del Material | La Virginia Woolf desconocida / Roger Poole ; María Dolores López Martínez, Traductor |
| 260 ## - PUBLICACIÓN, DISTRIBUCIÓN, ETC. (PIE DE IMPRENTA) | |
| Lugar de publicación, distribución, etc. | Madrid, España : Alianza |
| 300 ## - DESCRIPCIÓN FÍSICA | |
| Extensión | 365 Pag |
| 500 ## - NOTA GENERAL | |
| Nota General | Titulo original : The unknown Virginia Woolf |
| 942 ## - TIPO DE MATERIAL (KOHA) | |
| Tipo de Item KOHA | Libros General |
| Estado de Material | Estado de Perdido | Estado de Dañado | No para Préstamo | Colección | Tomo | Biblioteca de Origen | Biblioteca Permanente | Fecha de Adquisición | Total de Préstamos | Signatura Topográfica | Código de Barras | Última vez visto | Ejemplar/Existencia | Fecha de Remplazo | Tipo de Material |
|---|---|---|---|---|---|---|---|---|---|---|---|---|---|---|---|
| Colección General | Biblioteca FUSBC | Biblioteca FUSBC | 26/01/2005 | G 920 P8221v | 10640 | 12/12/2019 | 1 | 26/01/2016 | Libros General |
